| 000 | 00567nam a22001577a 4500 | ||
|---|---|---|---|
| 003 | OSt | ||
| 005 | 20150916113834.0 | ||
| 008 | 150916b xxu||||| |||| 00| 0 eng d | ||
| 040 | _cRUA | ||
| 082 | _aAGR LUN 2003 B029 Or.1 | ||
| 100 |
_9590 _aLUN NORRA |
||
| 245 | _aOil palm harvesting and palm oil processing,(ការប្រមូលផលដំណាំដូងប្រេងនិងខ្សែសង្វាក់ផលិតកម្មប្រេងដូង) | ||
| 260 |
_aphnom penh _bRUA _c2003 |
||
| 300 |
_a34p. _cill. _g29cm. |
||
| 942 |
_2ddc _cAGR |
||
| 999 |
_c568 _d568 |
||